Loading...
Philosophy | 0 | 6 | 0 | 0 | 60 | 21 | 62.67 | 5 | 6 |
Literature - American Literature | 0 | 6 | 0 | 2 | 60 | 42 | 83.17 | 3 | 6 |
Literature - British Literature | 0 | 5 | 0 | 0 | 50 | 56 | 78.20 | 3 | 5 |
Fine Arts - Other Fine Arts | 0 | 4 | 0 | 1 | 40 | 49 | 60.75 | 2 | 4 |
Fine Arts - Painting & Sculpture | 0 | 4 | 0 | 0 | 40 | 68 | 73.25 | 4 | 4 |
Science - Physics | 0 | 3 | 0 | 0 | 30 | 18 | 53.33 | 2 | 3 |
Social Science | 0 | 3 | 0 | 0 | 30 | 72 | 79.00 | 1 | 3 |
Literature - World Literature | 0 | 4 | 3 | 1 | 25 | 54 | 75.25 | 3 | 4 |
Religion | 0 | 2 | 0 | 0 | 20 | 67 | 93.50 | 1 | 2 |
Science - Chemistry | 0 | 1 | 0 | 0 | 10 | 67 | 67.00 | 0 | 1 |
Science - Other Science | 0 | 1 | 0 | 0 | 10 | 39 | 39.00 | 1 | 1 |
Literature - European Literature | 0 | 1 | 0 | 0 | 10 | 89 | 89.00 | 1 | 1 |
Other | 0 | 1 | 0 | 0 | 10 | 83 | 83.00 | 0 | 1 |
Science - Biology | 0 | 0 | 2 | 0 | -10 | 0.00 | 0 | 0 |